The king's general / (Record no. 233670)

000 -LEADER
fixed length control field 01126cam a2200289 a 4500
001 - CONTROL NUMBER
control field 15741884
003 - CONTROL NUMBER IDENTIFIER
control field Nust
005 - DATE AND TIME OF LATEST TRANSACTION
control field 20170309161939.0
008 - FIXED-LENGTH DATA ELEMENTS--GENERAL INFORMATION
fixed length control field 090518r20091946ilu 000 1 eng
010 ## - LIBRARY OF CONGRESS CONTROL NUMBER
LC control number 2009020400
020 ## - INTERNATIONAL STANDARD BOOK NUMBER
International Standard Book Number 9781844080892
040 ## - CATALOGING SOURCE
Original cataloging agency DLC
Transcribing agency DLC
Modifying agency DLC
043 ## - GEOGRAPHIC AREA CODE
Geographic area code e-uk---
-- e-uk-en
050 00 - LIBRARY OF CONGRESS CALL NUMBER
Classification number PR6007.U47
Item number K5 2009
082 00 - DEWEY DECIMAL CLASSIFICATION NUMBER
Classification number 823.912
Author Mark MAU
100 1# - MAIN ENTRY--PERSONAL NAME
Personal name Du Maurier, Daphne,
Dates associated with a name 1907-1989.
245 14 - TITLE STATEMENT
Title The king's general /
Statement of responsibility, etc. Daphne du Maurier.
260 ## - PUBLICATION, DISTRIBUTION, ETC.
Place of publication, distribution, etc. Naperville, Ill. :
Name of publisher, distributor, etc. Sourcebooks Landmark,
Date of publication, distribution, etc. 2009.
300 ## - PHYSICAL DESCRIPTION
Extent 371 p. ;
Dimensions 21 cm.
650 #0 - SUBJECT ADDED ENTRY--TOPICAL TERM
Topical term or geographic name entry element Young women
Geographic subdivision England
Form subdivision Fiction.
650 #0 - SUBJECT ADDED ENTRY--TOPICAL TERM
Topical term or geographic name entry element Country homes
Geographic subdivision England
Form subdivision Fiction.
651 #0 - SUBJECT ADDED ENTRY--GEOGRAPHIC NAME
Geographic name Great Britain
General subdivision History
Chronological subdivision Civil War, 1642-1649
Form subdivision Fiction.
651 #0 - SUBJECT ADDED ENTRY--GEOGRAPHIC NAME
Geographic name Cornwall (England : County)
Form subdivision Fiction.
655 #7 - INDEX TERM--GENRE/FORM
Genre/form data or focus term Historical fiction.
Source of term gsafd
906 ## - LOCAL DATA ELEMENT F, LDF (RLIN)
a 7
b cbc
c orignew
d 1
e ecip
f 20
g y-gencatlg
942 ## - ADDED ENTRY ELEMENTS (KOHA)
Source of classification or shelving scheme
Koha item type Book
Holdings
Withdrawn status Lost status Source of classification or shelving scheme Damaged status Not for loan Collection code Permanent Location Current Location Shelving location Date acquired Total Checkouts Full call number Barcode Date last seen Date last checked out Copy number Price effective from Koha item type
            Central Library (CL) Central Library (CL) Fiction 03/09/2017 1 823.912 MAU CL280 10/18/2019 09/12/2019 1 03/09/2017 Book
© 2023 Central Library, National University of Sciences and Technology. All Rights Reserved.